| 000 | 01216nam a22002777a 4500 | ||
|---|---|---|---|
| 999 |
_c65057 _d65057 |
||
| 005 | 20240530110805.0 | ||
| 008 | 190225s2014 ua a g b 000 0 ara d | ||
| 017 |
_a2013/11791 _bمصر. دار الكتب |
||
| 020 | _a9789774383863 | ||
| 040 |
_aEG-CaGPL _cEG-CaGPL |
||
| 082 | 0 | 4 |
_221 _a302.4 / _bص ق |
| 100 | 0 | _aصفاء طارق حبيب كرمة | |
| 245 | 1 | 0 |
_aقوة الذكاء الاجتماعى فى تفعيل المسؤولية الاجتماعية ومفهوم الذات الاجتماعية / _cصفاء طارق حبيب كرمة، نورجان عادل محمود ده مير |
| 250 | _aط.1 | ||
| 260 |
_aالقاهرة : _bالمكتب الجامعى الحديث ، _c2014. |
||
| 300 |
_a344 ص. : _bجداول ؛ _c24 سم+ _eملاحق. |
||
| 504 | _aيشتمل على ارجاعات ببليوجرافية | ||
| 650 | 0 | 7 |
_2qrmak _aالتفاعل الاجتماعى |
| 650 | 0 | 7 |
_2qrmak _aالتكيف الاجتماعى |
| 650 | 0 | 7 |
_2qrmak _aالسلوك الاجتماعى |
| 651 | _2qrmak | ||
| 653 | 0 | _aالذكاء الاجتماعى | |
| 700 | 0 |
_aنورجان عادل محمود ده مير _eمؤلف مشارك |
|
| 942 |
_2ddc _cBK |
||